Environmental study of education (Record no. 5654)

MARC details
000 -LEADER
fixed length control field 00306nam a2200121Ia 4500
008 - FIXED-LENGTH DATA ELEMENTS--GENERAL INFORMATION
fixed length control field 150201s2013 xx 000 0 und d
082 ## - DEWEY DECIMAL CLASSIFICATION NUMBER
Classification number 333.707
Item number SHA
100 ## - MAIN ENTRY--PERSONAL NAME
Personal name Sharma, R. A
245 ## - TITLE STATEMENT
Title Environmental study of education
260 ## - PUBLICATION, DISTRIBUTION, ETC. (IMPRINT)
Name of publisher, distributor, etc. Loyal book Depot
Place of publication, distribution, etc. Meerut
Date of publication, distribution, etc. 2013
300 ## - PHYSICAL DESCRIPTION
Extent 459p.
942 ## - ADDED ENTRY ELEMENTS (KOHA)
Source of classification or shelving scheme Dewey Decimal Classification
Koha item type Books
Holdings
Withdrawn status Lost status Source of classification or shelving scheme Damaged status Use restrictions Not for loan Home library Current library Shelving location Date acquired SGTU Full call number Barcode Date last seen Bill Date Koha item type
    Dewey Decimal Classification   Restricted Access Not For Loan SGT Engineering Library SGT Engineering Library Reference Book 17/09/2013 SGTU 333.707 SHA FE6216 09/02/2015 09/02/2015 Books